书目信息 |
| 题名: |
材料热力学
|
|
| 作者: | 江伯鸿 编著 | |
| 分册: | ||
| 出版信息: | 上海 上海交通大学出版社 1999.03 |
|
| 页数: | 174页 | |
| 开本: | 32开 | |
| 丛书名: | ||
| 单 册: | ||
| 中图分类: | O642 | |
| 科图分类: | ||
| 主题词: | 物理化学 , 量子化学 | |
| 电子资源: | ||
| ISBN: | 7-313-02139-9 | |
| 000 | 00564nam0 2200205 45 | |
| 001 | 0010111069 | |
| 005 | 20001011104223.5 | |
| 010 | @a7-313-02139-9@d20.00元 | |
| 100 | @a20001011d1999 km y0chiy0120 ea | |
| 101 | 0 | @achi |
| 105 | @a z 000yy | |
| 200 | 1 | @a材料热力学@ACai Liao Re Li Xue@f江伯鸿编著@FJiang Bo Hong Bian Zhu |
| 210 | @a上海@c上海交通大学出版社@d1999.03 | |
| 215 | @a174页@d32开 | |
| 606 | 0 | @a物理化学 |
| 606 | 0 | @a量子化学 |
| 690 | @aO642@v3 | |
| 701 | 0 | @a江伯鸿@4编著 |
| 801 | @aCN@bPftUser@c20001011 | |
| 905 | @b175083-085@dO642@eW313@f3 | |
| 材料热力学/江伯鸿编著.-上海:上海交通大学出版社,1999.03 |
| 174页;32开 |
| ISBN 7-313-02139-9:20.00元 |
| ● |
| 相关链接 |
|
|
|
正题名:材料热力学
索取号:O642/W313
 
预约/预借
| 序号 | 登录号 | 条形码 | 馆藏地/架位号 | 状态 | 备注 |
| 1 | 175083 | 201750836 | 自科库401/401自科库 64排4列5层/ [索取号:O642/W313] | 在馆 | |
| 2 | 175084 | 201750845 | 自科库401/401自科库 64排4列5层/ [索取号:O642/W313] | 在馆 | |
| 3 | 175085 | 201750854 | 自科库401/401自科库 64排4列5层/ [索取号:O642/W313] | 在馆 |